000 00279nam a22001217a 4500
999 _c11217
_d11217
008 181012b ||||| |||| 00| 0 eng d
020 _a818992804X
100 _aSHARMA.R.D
_96971
245 _aMATHEMATICS-VIII
300 _aBOOK
760 _bMATHEMATICS-VIII
942 _2ddc
_cBK